U.S. National Parks in Alaska - Statistics

General Stats
  • This quiz has been taken 5 times
  • The average score is 6 of 8
Answer Stats
National Parks % Correct
Denali
100%
Gates of the Arctic
100%
Wrangell-St. Elias
100%
Glacier Bay
75%
Kenai Fjords
75%
Katmai
50%
Lake Clark
50%
Kobuk Valley
25%
No matching quizzes found
Score Distribution
Percent of People with Each Score
Percentile by Number Answered
Your Score History
You have not taken this quiz